[Event "Venice Province-ch 70th"]
[Site "Venice Mestre"]
[Date "2010.01.31"]
[Round "4"]
[White "Dei Rossi, Davide"]
[Black "Cedriano, Filippo"]
[Result "0-1"]
[WhiteElo "1480"]
[BlackElo "2019"]
[PlyCount "88"]
[EventDate "2010.01.29"]
[EventType "swiss"]
[EventRounds "5"]
[EventCountry "ITA"]
[SourceTitle "EXT 2022"]
[Source "ChessBase"]
[SourceDate "2021.10.06"]
[SourceVersion "1"]
[SourceVersionDate "2021.10.06"]
[SourceQuality "1"]

1. e4 c6 2. Nc3 g6 3. Bc4 Bg7 4. d4 d6 5. Nf3 Qc7 6. 0-0 h6 7. Bf4 Nd7 8. Ne2 e5 9. Be3 Ngf6 10. Ng3 0-0 11. Nh4 Kh7 12. Qd2 Ng4 13. c3 Qd8 14. Nf3 Qe7 15. Be2 f5 16. exf5 gxf5 17. Nxf5 Rxf5 18. Ng5+ Rxg5 19. Bxg5 Qxg5 20. Qxg5 hxg5 21. Bxg4 exd4 22. cxd4 Nf6 23. Bf3 Kg8 24. b3 g4 25. Be2 Bf5 26. g3 Re8 27. Rfe1 Kf7 28. f3 Nd5 29. Rad1 Rxe2 30. Rxe2 Nc3 31. Ree1 Nxd1 32. Rxd1 gxf3 33. d5 c5 34. Kf2 Bg4 35. h3 Bxh3 36. Kxf3 Bd7 37. Rc1 b5 38. Rg1 c4 39. bxc4 bxc4 40. Rc1 c3 41. Ke2 Bb5+ 42. Kf3 Kg6 43. Ke4 Kg5 44. g4 Be5 0-1